书目信息 |
| 题名: |
海州有部《镜花缘》
|
|
| 作者: | 徐习军 , 于洋 著 | |
| 分册: | ||
| 出版信息: | 南京 江苏凤凰文艺出版社 2022.12 |
|
| 页数: | 400页 | |
| 开本: | 20cm | |
| 丛书名: | ||
| 单 册: | ||
| 中图分类: | I207.419 | |
| 科图分类: | ||
| 主题词: | 文学--中国 | |
| 电子资源: | ||
| ISBN: | 978-7-5594-6683-9 | |
| 000 | 01094nam0 2200217 450 | |
| 001 | 2454674932 | |
| 005 | 20241104151316.38 | |
| 010 | @a978-7-5594-6683-9@dCNY128.00 | |
| 100 | @a20241104d2022 km y0chiy0120 ea | |
| 101 | 0 | @achi |
| 102 | @aCN@b320000 | |
| 200 | 1 | @a海州有部《镜花缘》@AHai Zhou You Bu《Jing Hua Yuan》@f徐习军, 于洋著@FXu Xi Jun,Yu Yang Zhu |
| 210 | @a南京@c江苏凤凰文艺出版社@d2022.12 | |
| 215 | @a400页@d20cm | |
| 330 | @a本书是关于古典小说《镜花缘》的解读, 从“奇书 : 才学奇书镜花缘 ” “奇人 : 文坛奇人李汝珍 ” “名镇 : 板浦孳乳育名著 ” “名郡 : 奇书纵横写海州 ” “奇缘 : 镜花水月结因缘 ” 五个方面对李汝珍创作《镜花缘》所涉及的板浦名镇的文化底蕴、李汝珍身世才学、镜花缘中海州书写、海州人对镜花缘创作和研究的贡献, 以及《镜花缘》本身的文本、版本、传播等进行了研究归总, 荟萃了大量《镜花缘》成书的历史背景、人文因素。 本书从细节出发, 论证合理, 具有较好的文学和文化价值。 | |
| 606 | 0 | @a文学@x中国 |
| 690 | @aI207.419@v4 | |
| 701 | 0 | @a徐习军@AXu Xi Jun@4著 |
| 701 | 0 | @a于洋@AYu Yang@4著 |
| 801 | 0 | @aCN@b河南城建学院图书馆@c20241104 |
| 905 | @dI207.419@eX822 | |
| 海州有部《镜花缘》/徐习军, 于洋著.-南京:江苏凤凰文艺出版社,2022.12 |
| 400页;20cm |
| ISBN 978-7-5594-6683-9:CNY128.00 |
| 本书是关于古典小说《镜花缘》的解读, 从“奇书 : 才学奇书镜花缘 ” “奇人 : 文坛奇人李汝珍 ” “名镇 : 板浦孳乳育名著 ” “名郡 : 奇书纵横写海州 ” “奇缘 : 镜花水月结因缘 ” 五个方面对李汝珍创作《镜花缘》所涉及的板浦名镇的文化底蕴、李汝珍身世才学、镜花缘中海州书写、海州人对镜花缘创作和研究的贡献, 以及《镜花缘》本身的文本、版本、传播等进行了研究归总, 荟萃了大量《镜花缘》成书的历史背景、人文因素。 本书从细节出发, 论证合理, 具有较好的文学和文化价值。 |
| ● |
| 相关链接 |
|
|
|
正题名:海州有部《镜花缘》
索取号:I207.419/X822
 
预约/预借
| 序号 | 登录号 | 条形码 | 馆藏地/架位号 | 状态 | 备注 |
| 1 | 1553699 | 215536999 | 文学库108/108文学库 10排2列2层/ [索取号:I207.419/X822] | 在馆 |